000 01008cam a2200253 i 4500
003 SA-RiAUC
005 20241223083206.0
008 241221s2000 su g o 000r0 ara c
040 _aSA-MaMIU
_bara
_cSA-RiAUC
_erda
082 0 4 _a210
090 _a210
_bا ح م
100 1 _aالأحمد، عمر بن أحمد بن علي
_eمؤلف.
245 1 0 _aكشف الحجب فيما قيمه الذهبي من الكتب /
_cتأليف أبي عبد الله عمر بن أحمد الأحمد.
250 _aالطبعة الأولى.
264 1 _aالرياض :
_bدار المعراج الدولية للنشر،
_c2000
300 _a382 صفحة ؛
_c17 × 24 سم.
336 _aنص
_btxt
_2rdacontent
_3كتاب
337 _aبدون وسيط
_bn
_2rdamedia
338 _aمجلد
_bnc
_2rdacarrier
490 0 _aسلسلة كتب قيمها العلماء ؛
_v1
650 7 _aالإسلام
_vمراجعات الكتب
_2aucsh
942 _2ddc
_cBOOK
_n0
949 _aSA-JeALM
_d241221
_umohamedma123
_n1
999 _c3829
_d3829